[Event "Commonwealth-ch"]
[Site "Nagpur"]
[Date "2008.09.30"]
[Round "4"]
[White "Mehta, Praful"]
[Black "Shoumi, Mukerjee"]
[Result "1-0"]
[WhiteElo "2084"]
[BlackElo "1790"]
[PlyCount "69"]
[EventDate "2008.09.28"]
[EventType "swiss"]
[EventRounds "11"]
[EventCountry "IND"]
[SourceTitle "CBM 126 Extra"]
[Source "ChessBase"]
[SourceDate "2008.11.05"]
[SourceVersion "1"]
[SourceVersionDate "2008.11.05"]
[SourceQuality "1"]

1. e4 c5 2. Nc3 Nc6 3. g3 g6 4. Bg2 Bg7 5. d3 e6 6. Be3 Nd4 7. Nce2 Ne7 8. c3 Nxe2 9. Nxe2 d6 10. Qd2 0-0 11. Bh6 f5 12. h4 Rf7 13. h5 Qf8 14. hxg6 Nxg6 15. Bxg7 Rxg7 16. f4 Rb8 17. 0-0-0 b5 18. exf5 Qxf5 19. Be4 Qf7 20. d4 b4 21. dxc5 bxc3 22. Qxc3 Ba6 23. Nd4 Nxf4 24. Rd2 dxc5 25. Nc6 Ne2+ 26. Rxe2 Bxe2 27. Nxb8 Bb5 28. Nc6 Bxc6 29. Bxc6 Qg6 30. Rd1 Qg5+ 31. Kc2 Qf5+ 32. Kc1 Qg5+ 33. Qd2 Qxd2+ 34. Rxd2 Rxg3 35. Rd8+ 1-0

[Event "Commonwealth-ch"]
[Site "New Delhi"]
[Date "2007.12.10"]
[Round "10"]
[White "Mehta, Praful"]
[Black "Sangma, Rahul"]
[Result "1/2-1/2"]
[WhiteElo "2207"]
[BlackElo "2318"]
[PlyCount "147"]
[EventDate "2007.12.03"]
[EventType "swiss"]
[EventRounds "10"]
[EventCountry "IND"]
[SourceTitle "CBM 121 Extra"]
[Source "ChessBase"]
[SourceDate "2008.01.10"]
[SourceVersion "1"]
[SourceVersionDate "2008.01.10"]
[SourceQuality "1"]

1. e4 e5 2. Bc4 Nc6 3. Nc3 Nf6 4. d3 Na5 5. Nge2 Bc5 6. 0-0 0-0 7. Ng3 d6 8. Bg5 h6 9. Bxf6 Qxf6 10. b4 Nxc4 11. bxc5 Na5 12. Nd5 Qd8 13. cxd6 Qxd6 14. f4 Qc5+ 15. Kh1 c6 16. Nf6+ gxf6 17. Qh5 Kg7 18. d4 Qe7 19. Qh4 Rh8 20. fxe5 Kf8 21. Rxf6 Nc4 22. Raf1 Rh7 23. Qf4 Ke8 24. Rxh6 Rxh6 25. Qxh6 Bg4 26. h3 Bd7 27. Qh8+ Qf8 28. Qf6 Be6 29. Nf5 Bxf5 30. Rxf5 Qe7 31. Qh8+ Qf8 32. Qh7 Rd8 33. c3 Rd7 34. Qh4 Re7 35. Qh5 Ne3 36. Rf3 Nc4 37. Rf6 Kd7 38. e6+ Kd8 39. d5 Qg7 40. Rxf7 Rxf7 41. exf7 Nd6 42. dxc6 bxc6 43. Qa5+ Kc8 44. Qa6+ Kb8 45. Qxc6 Nxf7 46. Qe8+ Kb7 47. Qe7+ Ka6 48. e5 Qg6 49. Qf6+ Qxf6 50. exf6 Kb5 51. h4 Kc6 52. g4 Kd7 53. g5 Ke6 54. c4 Ne5 55. c5 Nf3 56. c6 Nxh4 57. f7 Ng6 58. c7 Kd7 59. Kg2 Kxc7 60. Kf2 Kd6 61. Ke3 Kd5 62. Kd3 Ne5+ 63. Kc3 Nxf7 64. g6 Nh6 65. Kb4 Kc6 66. Ka5 Kb7 67. g7 a6 68. Kb4 Kb6 69. Ka4 a5 70. Kb3 Kb5 71. Ka3 a4 72. Kb2 Kb4 73. Kc2 Ng8 74. Kb2 1/2-1/2

[Event "Commonwealth-ch"]
[Site "New Delhi"]
[Date "2007.12.08"]
[Round "8"]
[White "Mehta, Praful"]
[Black "Greeff, Melissa"]
[Result "1-0"]
[WhiteElo "2207"]
[BlackElo "2025"]
[PlyCount "107"]
[EventDate "2007.12.03"]
[EventType "swiss"]
[EventRounds "10"]
[EventCountry "IND"]
[SourceTitle "CBM 121 Extra"]
[Source "ChessBase"]
[SourceDate "2008.01.10"]
[SourceVersion "1"]
[SourceVersionDate "2008.01.10"]
[SourceQuality "1"]

1. e4 c5 2. Nc3 a6 3. g3 b5 4. Bg2 Bb7 5. d3 e6 6. f4 Nf6 7. Nf3 b4 8. Ne2 d5 9. e5 Nfd7 10. 0-0 Nc6 11. g4 Be7 12. c3 0-0 13. d4 f6 14. Be3 a5 15. Ng3 Qe8 16. Qd2 a4 17. exf6 Rxf6 18. f5 bxc3 19. bxc3 cxd4 20. cxd4 Bb4 21. Qf2 exf5 22. Nxf5 Nb6 23. a3 Ba5 24. Rab1 Ba6 25. Rfc1 Bd3 26. Rxb6 Bxb6 27. Rxc6 Rxc6 28. Ne5 Be4 29. Bxe4 dxe4 30. Nxc6 Bd8 31. d5 Bf6 32. g5 Bd8 33. Qb2 Qf7 34. Qe5 Kh8 35. Bd4 Bxg5 36. Qxe4 Bf6 37. Ne5 Bxe5 38. Qxe5 Rg8 39. d6 Qg6+ 40. Kf2 Qg5 41. d7 Qd2+ 42. Kf3 Qd3+ 43. Kg4 Qd1+ 44. Kh4 h5 45. Ne3 Qe1+ 46. Kh3 Qe2 47. Qf4 Kh7 48. Qe4+ Kh8 49. Bxg7+ Kxg7 50. Nf5+ Kf6 51. Qxe2 Kxf5 52. Qd3+ Ke5 53. d8Q Rg4 54. Q8d6# 1-0

[Event "Commonwealth-ch"]
[Site "New Delhi"]
[Date "2007.12.05"]
[Round "5"]
[White "Gahan, MG."]
[Black "Mehta, Praful"]
[Result "1-0"]
[WhiteElo "2005"]
[BlackElo "2207"]
[PlyCount "51"]
[EventDate "2007.12.03"]
[EventType "swiss"]
[EventRounds "10"]
[EventCountry "IND"]
[SourceTitle "CBM 121 Extra"]
[Source "ChessBase"]
[SourceDate "2008.01.10"]
[SourceVersion "1"]
[SourceVersionDate "2008.01.10"]
[SourceQuality "1"]

1. e4 d5 2. exd5 Qxd5 3. Nc3 Qa5 4. d4 Nf6 5. Bc4 Bg4 6. Nf3 c6 7. h3 Bh5 8. 0-0 e6 9. Qe2 Bd6 10. g4 Bg6 11. Bxe6 0-0 12. Bb3 Re8 13. Qd1 h5 14. Nh4 Kh7 15. f4 hxg4 16. hxg4 Ne4 17. f5 Nxc3 18. fxg6+ fxg6 19. bxc3 Re4 20. Qf3 Qd8 21. Qxe4 Qxh4 22. Qg2 Nd7 23. Bf4 Bxf4 24. Rxf4 Re8 25. Raf1 Nf6 26. g5 1-0

[Event "New Delhi Parsvnath op 5th"]
[Site "New Delhi"]
[Date "2007.01.15"]
[Round "7"]
[White "Mehta, Praful"]
[Black "Sriram, Jha"]
[Result "0-1"]
[WhiteElo "2210"]
[BlackElo "2419"]
[PlyCount "83"]
[EventDate "2007.01.15"]
[EventType "swiss"]
[EventRounds "10"]
[EventCountry "IND"]
[SourceTitle "CBM 116 Extra"]
[Source "ChessBase"]
[SourceDate "2007.03.07"]
[SourceVersion "1"]
[SourceVersionDate "2007.03.07"]
[SourceQuality "1"]

1. e4 e5 2. Bc4 Nf6 3. d3 Nc6 4. Nc3 Na5 5. Nge2 Bc5 6. 0-0 h6 7. Ng3 d6 8. h3 Be6 9. Bxe6 fxe6 10. Na4 Bb6 11. Nxb6 axb6 12. b4 Nc6 13. c3 0-0 14. Qb3 Qd7 15. Be3 Kh8 16. a4 d5 17. Bc1 Qf7 18. Bb2 h5 19. f3 Rfd8 20. Rfd1 h4 21. Ne2 Nh5 22. b5 Ne7 23. c4 Ng6 24. Rac1 Ngf4 25. Nxf4 Nxf4 26. Qc2 d4 27. Qf2 Kg8 28. Ra1 Qg6 29. Kh2 c5 30. bxc6 bxc6 31. Bc1 Qg5 32. Bxf4 exf4 33. Rdb1 Ra6 34. Qc2 Rda8 35. Rb4 Qc5 36. Rab1 Kf7 37. Qb3 Rb8 38. Qb2 Ke7 39. Qf2 g5 40. Qb2 Kd6 41. Qb3 Kc7 42. Rb2 0-1

[Event "Kolkata op2"]
[Site "Kolkata"]
[Date "1994.??.??"]
[Round "?"]
[White "Mehta, Praful"]
[Black "Singh, Rajendra"]
[Result "0-1"]
[WhiteElo "2235"]
[BlackElo "2275"]
[PlyCount "80"]
[EventDate "1994.??.??"]
[EventType "swiss"]
[EventRounds "11"]
[EventCountry "IND"]
[SourceTitle "EXT 1997"]
[Source "ChessBase"]
[SourceDate "1996.11.15"]
[SourceVersion "1"]
[SourceVersionDate "1996.11.15"]
[SourceQuality "1"]

1. e4 Nf6 2. e5 Nd5 3. d4 d6 4. Bc4 c6 5. Qe2 g6 6. Nf3 Bg7 7. Bxd5 cxd5 8. Qb5+ Nc6 9. Qxd5 Be6 10. Qb5 dxe5 11. dxe5 0-0 12. 0-0 Qc7 13. Bf4 a6 14. Qe2 Nb4 15. Na3 b5 16. Nd4 Bc8 17. c4 Bb7 18. cxb5 Rfd8 19. Rfd1 Qb6 20. Nf3 Bd5 21. Be3 Qb7 22. bxa6 Nxa6 23. Nc4 Qb5 24. b3 Nc5 25. Bxc5 Qxc5 26. Rac1 Qb5 27. Nd4 Qb7 28. Ne3 Be4 29. f4 Bh6 30. g3 Bf8 31. a4 h5 32. Qb5 Qa7 33. Kf2 Rxd4 34. Rxd4 Qxd4 35. Re1 Rc8 36. Re2 e6 37. a5 Bc5 38. a6 Ba7 39. h4 Bd3 40. Qb7 Rb8 0-1

[Event "Kolkata op2"]
[Site "Kolkata"]
[Date "1994.??.??"]
[Round "?"]
[White "Shetty, Rahul"]
[Black "Mehta, Praful"]
[Result "1-0"]
[WhiteElo "2340"]
[BlackElo "2235"]
[PlyCount "85"]
[EventDate "1994.??.??"]
[EventType "swiss"]
[EventRounds "11"]
[EventCountry "IND"]
[SourceTitle "EXT 1997"]
[Source "ChessBase"]
[SourceDate "1996.11.15"]
[SourceVersion "1"]
[SourceVersionDate "1996.11.15"]
[SourceQuality "1"]

1. e4 c6 2. d4 d5 3. Nd2 dxe4 4. Nxe4 Nd7 5. Bc4 Ngf6 6. Ng5 e6 7. Qe2 Nb6 8. Bd3 h6 9. N5f3 c5 10. dxc5 Bxc5 11. Ne5 Nbd7 12. Ngf3 Nxe5 13. Nxe5 0-0 14. Bd2 Qd5 15. 0-0 b5 16. Kh1 Bd4 17. f4 Bxb2 18. Rab1 Qxa2 19. Bb4 Ba3 20. Bxf8 Bxf8 21. Bxb5 Rb8 22. Qd3 Bb7 23. Bc4 Qa4 24. Qd2 Bc5 25. f5 Ne4 26. Qd7 Qxc2 27. Qxf7+ Kh8 28. Rxb7 Rxb7 29. Qxb7 Nf2+ 30. Rxf2 Qxf2 31. Qb1 Qd4 32. Ng6+ Kg8 33. Bxe6+ Kh7 34. h3 Bd6 35. Qg1 Qb4 36. Qd1 a5 37. Nh4 a4 38. Nf3 a3 39. Qb3 Qf4 40. Qb1 Kh8 41. Ba2 Qe3 42. Qd1 Qf2 43. Qd5 1-0